तुम्हारे लिए / (Record no. 198409)

MARC details
000 -LEADER
fixed length control field 00745nam a22001817a 4500
005 - DATE AND TIME OF LATEST TRANSACTION
control field 20230920102937.0
010 ## - LCCN (DPL NO)
LC control number HIN-126057
020 ## - INTERNATIONAL STANDARD BOOK NUMBER
International Standard Book Number 9789382114291
Terms of availability 350.00
035 ## - SYSTEM CONTROL NUMBER
System control number HN-98403
037 ## - SOURCE OF ACQUISITION
Source of stock number/acquisition DBAD/PUB
082 ## - DEWEY DECIMAL CLASSIFICATION NUMBER
Classification number
100 ## - MAIN ENTRY--PERSONAL NAME
Personal name जोशी, हिमांशु
245 ## - TITLE STATEMENT
Title तुम्हारे लिए /
Statement of responsibility, etc हिमांशु जोशी
260 ## - PUBLICATION, DISTRIBUTION, ETC. (IMPRINT)
Place of publication, distribution, etc नई दिल्ली
Name of publisher, distributor, etc किताबघर प्रकाशन
Date of publication, distribution, etc 2022
270 ## - ADDRESS
Address 4866 -56/24 ,अंसारी रोड , दरियागंज, नई दिल्ली
City नई दिल्ली
Postal code 110095
300 ## - PHYSICAL DESCRIPTION
Extent 152 पृ.
Other physical details 22सेमी (सजिल्द)
942 ## - ADDED ENTRY ELEMENTS (KOHA)
Source of classification or shelving scheme Dewey Decimal Classification
Item type Hindi Books
Classification part
Call number suffix जोशीहि
Holdings
Withdrawn status Lost status Not for loan Collection code Home library Current library Date acquired Source of acquisition Cost, normal purchase price Full call number Barcode Copy number Cost, replacement price Koha item type
      Fiction Bawana Bawana 20/09/2023 DBAD/PUB 350.00 उ जोशीहि HN-98403 1 350.00 Hindi Books

© Delhi Public Library
Hit Counter
free hit counter